Kvalita hotelového produktu diplomová práca

Na minha lista:
Detalhes bibliográficos
Autor principal: Smiešková, Silvia
Autor Corporativo: Obchodná fakulta EU. Katedra služieb a cestovného ruchu - zrušené
Outros Autores: Valenteová, Katarína
Formato: Livro
Idioma:eslovaco
Publicado em: Bratislava 2012
Tags: Adicionar Tag
Sem tags, seja o primeiro a adicionar uma tag!

MARC

LEADER 00000nbm a2200000 4500
001 0159045
005 20161109102225.7
041 0 |a slo 
044 |a SK 
245 1 0 |a Kvalita hotelového produktu  |b diplomová práca  |c Silvia Smiešková ; školiteľ: Katarína Valenteová 
264 1 |a Bratislava  |c 2012 
300 |a 102 s. 
100 1 |a Smiešková, Silvia 
700 1 |a Valenteová, Katarína 
710 2 |a Obchodná fakulta EU. Katedra služieb a cestovného ruchu - zrušené